Statistics for Classic Rock Artists A-Z

Click here to take the quiz!

General Stats

  • This quiz has been taken 160 times
  • The average score is 18 of 26

Answer Stats

Letter Song Artist % Correct
EHotel CaliforniaEagles
98%
GSweet Child O' MineGuns N' Roses
96%
QBohemian RhapsodyQueen
95%
AYou Shook Me All Night LongAC/DC
92%
PAnother Brick in the WallPink Floyd
92%
JPurple HazeJimi Hendrix
88%
BStrawberry Fields ForeverBeatles
86%
KRock and Roll all NiteKISS
85%
CHave You Ever Seen the RainCreedence Clearwater Revival
84%
VJumpVan Halen
84%
OCrazy TrainOzzy Osbourne
80%
RGimme ShelterRolling Stones
78%
HBarracudaHeart
78%
LSweet Home AlabamaLynyrd Skynyrd
78%
ZCheap SunglassesZZ Top
77%
TFree Fallin'Tom Petty
75%
FRhiannonFleetwood Mac
69%
WBehind Blue EyesWho
68%
YOwner of a Lonely HeartYes
63%
MDaydream BelieverMonkees
56%
DFameDavid Bowie
55%
IThe TrooperIron Maiden
50%
SJungle LoveSteve Miller Band
33%
XDear GodXTC
14%
NMr. BojanglesNitty Gritty Dirt Band
9%
ULove is the AnswerUtopia
6%

Score Distribution

Percentile by Number Answered

Percent of People with Each Score

Your Score History

You have not taken this quiz